LEADER 01424nam--2200385---450- 001 990000668420203316 005 20100618110441.0 035 $a0066842 035 $aUSA010066842 035 $a(ALEPH)000066842USA01 035 $a0066842 100 $a20011005d1960----km-y0itay0103----ba 101 $aita 102 $aIT 105 $a||||||||001yy 200 1 $aDalla concezone illuministica alla concezione storicistica della vita sociale$esaggio sul concetto di società nel pensiero di C.H. de Saint-Simon 210 $aPadova$cCEDAM$d1960 215 $aXI, 362 p.$d25 cm 225 2 $aPubblicazioni$fdella Facoltà di gurisprudenza dell'Università di Padova 410 $12001$aPubblicazioni$fdella Facoltà di gurisprudenza dell'Università di Padova 461 1$1001-------$12001 606 0 $aSaint-Simon, Claude Henri : de$xConcetto di socetà 676 $a300.1 700 1$aGENTILE,$bFrancesco$0230736 801 0$aIT$bsalbc$gISBD 912 $a990000668420203316 951 $aXXX.A. Coll. 128/ 19 (X 14 I 31)$b17894 G$cXXX.A. Coll. 128/ 19 (X 14 I)$d00271384 959 $aBK 969 $aGIU 979 $aPATTY$b90$c20011005$lUSA01$h1349 979 $c20020403$lUSA01$h1716 979 $aPATRY$b90$c20040406$lUSA01$h1646 979 $aRSIAV4$b90$c20100618$lUSA01$h1104 996 $aDalla concezone illuministica alla concezione storicistica della vita sociale$9959362 997 $aUNISA LEADER 01033nam a2200277 i 4500 001 991000067839707536 005 20020506121513.0 008 951219s1990 it ||| | ita 020 $a887119215X 035 $ab10647995-39ule_inst 035 $aEXGIL138855$9ExL 040 $aDip.to Filol. Ling. e Lett.$bita 082 0 $a852/.912 100 1 $aValentini, Maria$0533445 245 10$aShakespeare e Pirandello /$cMaria Valentini 260 $aRoma :$bM. Bulzoni,$c[c1990] 300 $a150 p. ;$c21 cm. 490 0 $aStudi e ricerche / Università di Roma La Sapienza, Facoltà di lettere e filosofia, Dipartimento di anglistica ;$v32 650 4$aPirandello, Luigi 650 4$aShakespeare, William 907 $a.b10647995$b23-02-17$c28-06-02 912 $a991000067839707536 945 $aLE008 FL.M. (IN) F 202$g1$i2008000300555$lle008$o-$pE0.00$q-$rl$s- $t0$u1$v0$w1$x0$y.i1073742x$z28-06-02 996 $aShakespeare e Pirandello$9915466 997 $aUNISALENTO 998 $ale008$b01-01-95$cm$da $e-$fita$git $h0$i1